Financial Management: Text and Problems (Record no. 227118)
[ view plain ]
| 000 -LEADER | |
|---|---|
| fixed length control field | 00587nam a22002057a 4500 |
| 005 - DATE AND TIME OF LATEST TRANSACTION | |
| control field | 20230331104309.0 |
| 008 - FIXED-LENGTH DATA ELEMENTS--GENERAL INFORMATION | |
| fixed length control field | 230331b ||||| |||| 00| 0 eng d |
| 040 ## - CATALOGING SOURCE | |
| Transcribing agency | AL |
| 041 ## - LANGUAGE CODE | |
| Language code of text/sound track or separate title | Eng |
| 082 ## - DEWEY DECIMAL CLASSIFICATION NUMBER | |
| Edition number | 23 |
| Classification number | 658/54 |
| Item number | KHAF |
| 100 ## - MAIN ENTRY--PERSONAL NAME | |
| Personal name | M Y Khan and others |
| 100 ## - MAIN ENTRY--PERSONAL NAME | |
| 9 (RLIN) | 80699 |
| 245 ## - TITLE STATEMENT | |
| Title | Financial Management: Text and Problems |
| 250 ## - EDITION STATEMENT | |
| Edition statement | 2. |
| 260 ## - PUBLICATION, DISTRIBUTION, ETC. | |
| Place of publication, distribution, etc. | New Delhi |
| Name of publisher, distributor, etc. | Tata McGraw Hill Publishing Comapany Limited |
| Date of publication, distribution, etc. | 1998 |
| 300 ## - PHYSICAL DESCRIPTION | |
| Extent | xvi,787 p. |
| Other physical details | PB |
| Accompanying material | 22.5x15 cm. |
| 650 ## - SUBJECT ADDED ENTRY--TOPICAL TERM | |
| Topical term or geographic name entry element | Financial Management |
| 9 (RLIN) | 80700 |
| 700 ## - ADDED ENTRY--PERSONAL NAME | |
| Personal name | KHAN (M Y) |
| 9 (RLIN) | 80701 |
| 700 ## - ADDED ENTRY--PERSONAL NAME | |
| Personal name | JAIN (P K) |
| 9 (RLIN) | 80702 |
| 942 ## - ADDED ENTRY ELEMENTS (KOHA) | |
| Source of classification or shelving scheme | Dewey Decimal Classification |
| Koha item type | Donated Books |
| Withdrawn status | Lost status | Source of classification or shelving scheme | Damaged status | Not for loan | Collection code | Home library | Current library | Shelving location | Date acquired | Total Checkouts | Full call number | Barcode | Date last seen | Price effective from | Koha item type |
|---|---|---|---|---|---|---|---|---|---|---|---|---|---|---|---|
| Dewey Decimal Classification | Management | St Aloysius Library | St Aloysius Library | UGC Book Bank | 03/31/2023 | 658/55 KHAF | D01779 | 03/31/2023 | 03/31/2023 | Donated Books | |||||
| Dewey Decimal Classification | Management | St Aloysius Library | St Aloysius Library | UGC Book Bank | 03/31/2023 | 658/54 KHAF | D01780 | 03/31/2023 | 03/31/2023 | Donated Books |